000
00190 a2200097 4500
020
_a
071009004993
041
_a
eng
100
_a
Cooney, Caroline B.
245
_a
Prisoner of time
942
_c
BK
999
_c
9167
_d
9167